Separace radionuklidů z plynu /

Uložené v:
Podrobná bibliografia
Hlavný autor: Kepák, František (Author)
Médium: Kniha
Jazyk:Czech
Vydané: Praha : Academia, 1989
Vydanie:1. vyd.
Edícia:Studie ČSAV 15
ISBN: 8020000925 (brož.)
Fyzický popis: 122 s.
Tagy: Pridať tag
Žiadne tagy, Buďte prvý kto otaguje tento záznam!

MARC

LEADER 00000nam a2200000 a 4500
001 000281663
005 20061102161639.0
008 061102s1989 xr e 000 0 czeo
020 |a 8020000925 (brož.) 
040 |a SVKKK  |b slo  |c SVKKK  |e AACR2 
041 0 |a cze 
044 |a xr  |c CZ 
100 1 |a Kepák, František  |4 aut 
245 1 0 |a Separace radionuklidů z plynu /  |c František Kepák 
250 |a 1. vyd. 
260 |a Praha :  |b Academia,  |c 1989 
300 |a 122 s. 
440 0 |a Studie ČSAV  |v 15 
919 |a 80-200-0092-5 
998 |a BK 
090 |g SCKHL  |k Sklad Pribinova prízemie  |a IV.154700  |j 801491  |i B80858  |s Absenčne